000
00273nam a22001337a 4500
008
170523b xxu||||| |||| 00| 0 eng d
020
_a
9780078250606
041
_a
eng
080
_a
621.3
100
_a
26
101
_a
IM
245
_a
WELDING
_c
SACKS
942
_2
udc
_c
BK
999
_c
13934
_d
13934